<?xml version="1.0" encoding="UTF-8"?>
<marc:record xmlns:marc="http://www.loc.gov/MARC21/slim">
   <marc:leader>00000nam a2200000 a 4500</marc:leader>
   <marc:datafield ind1="1" ind2=" " tag="100">
      <marc:subfield code="a">Hansch, Dietmar</marc:subfield>
      <marc:subfield code="4">aut</marc:subfield>
      <marc:subfield code="e">Verfasser/-in</marc:subfield>
   </marc:datafield>
   <marc:datafield ind1=" " ind2=" " tag="653">
      <marc:subfield code="a">Persönlichkeitsentwicklung</marc:subfield>
   </marc:datafield>
   <marc:datafield ind1=" " ind2=" " tag="653">
      <marc:subfield code="a">Führung</marc:subfield>
   </marc:datafield>
   <marc:datafield ind1=" " ind2=" " tag="653">
      <marc:subfield code="a">Selbstmanagement</marc:subfield>
   </marc:datafield>
   <marc:datafield ind1=" " ind2=" " tag="653">
      <marc:subfield code="a">Synergetik</marc:subfield>
   </marc:datafield>
   <marc:datafield ind1=" " ind2=" " tag="653">
      <marc:subfield code="a">Alltag/Lebensführung</marc:subfield>
   </marc:datafield>
   <marc:datafield ind1=" " ind2=" " tag="653">
      <marc:subfield code="a">Persönliche Entwicklung</marc:subfield>
   </marc:datafield>
   <marc:datafield ind1="0" ind2="0" tag="245">
      <marc:subfield code="a">Persönlichkeit führt</marc:subfield>
   </marc:datafield>
   <marc:datafield ind1="0" ind2="0" tag="245">
      <marc:subfield code="b">sich selbst und Mitarbeiter wirkungsvoll coachen ;  Grundlagen der Psychosynergetik®</marc:subfield>
   </marc:datafield>
   <marc:datafield ind1="0" ind2="0" tag="245">
      <marc:subfield code="c">Dietmar Hansch</marc:subfield>
   </marc:datafield>
   <marc:datafield ind1=" " ind2="1" tag="264">
      <marc:subfield code="a">Offenbach [Main</marc:subfield>
      <marc:subfield code="b">GABAL</marc:subfield>
      <marc:subfield code="c">2008</marc:subfield>
   </marc:datafield>
   <marc:datafield ind1="1" ind2=" " tag="520">
      <marc:subfield code="a">Angaben aus der Verlagsmeldung

Persönlichkeit führt : Sich selbst und Mitarbeiter wirkungsvoll coachenGrundlagen der Psychosynergetik® / von Dietmar Hansch

Beim Thema Persönlichkeitsentwicklung und Selbstmanagement geht es heute nicht mehr darum, etwas grundlegend Neues zu erfinden. Aufgabe ist vielmehr, aus der Überfülle an Methoden die wirksamsten herauszufiltern, sie in ein stimmiges System zu bringen und didaktisch gekonnt zu vermitteln. Diese Aufgabe übernimmt die Psychosynergetik®, indem sie die Spreu vom Weizen trennt und aus den bewährten Methoden einige wenige Ansätze mit großer Hebelwirkung so kombiniert, dass Synergieeffekte entstehen. In einem Verdichtungsprozess wird veränderungsrelevantes Wissen extrahiert und in gut handhabbare Modellen überführt. Statt oberflächliche Verhaltensratschläge liefert das Buch nachhaltige Strategien der Selbstentwicklung. Von der Selbstführung schlägt der Autor eine Brücke zu Mitarbeiterführung. Lesenswert, fundiert und spannend geschrieben.
</marc:subfield>
   </marc:datafield>
   <marc:datafield ind1=" " ind2=" " tag="020">
      <marc:subfield code="a">9783897498464</marc:subfield>
      <marc:subfield code="9">9783897498464</marc:subfield>
   </marc:datafield>
   <marc:datafield ind1=" " ind2=" " tag="041">
      <marc:subfield code="a">ger</marc:subfield>
   </marc:datafield>
   <marc:datafield ind1=" " ind2=" " tag="300">
      <marc:subfield code="a">263 S.</marc:subfield>
   </marc:datafield>
</marc:record>
